Sade Discography - Statistics

General Stats
  • This quiz has been taken 20 times
  • The average score is 7 of 12
Answer Stats
Type Year Name % Correct
Album 1984 Diamond Life
95%
Album 2000 Lovers Rock
89%
Album 1992 Love Deluxe
84%
Album 2010 Soldier of Love
84%
Album 1988 Stronger Than Pride
79%
Compilation 1994 The Best of Sade
74%
Album 1985 Promise
68%
Compilation 2011 The Ultimate Collection
42%
Live Album 2002 Lovers Live
37%
Live Album 2012 Bring Me Home: Live 2011
32%
Remix EP 1992 The Remix Deluxe
11%
EP 1989 Solid Gold Series - Sade
0%
No matching quizzes found
Score Distribution
Percent of People with Each Score
Percentile by Number Answered
Your Score History
You have not taken this quiz